000 01169nam0a22002651 4500
001 rc\2759305
005 20260406120407.0
035 _a(NLR Aleph) 006885965
090 _a7096321
_c7096321
100 _a20110915d1940 |||y0rusy50 ca
101 0 _arus
102 _aRU
105 _aa z |||||
200 1 _aЗаготовка и применение торфяных удобрений
_fКанд. с.-х. наук Н. С. Розанов, инж. Ф. И. Усенко
_gЦентр. торф. опыт. станция "ЦТОС"
210 _aМосква
_cБ. и.
_d1940
215 _a32 с.
_cил.
_d21 см.
300 _aНа 3-й стр. указаны составители: канд. с.-х. наук Н. С. Розанов и инж. Ф. И. Усенко
702 1 _aУсенко
_bФ.И.
_gФеодосий Иванович
_4220
702 1 _aРозанов
_bН.С.
_gНиколай Сергеевич
_4220
712 0 2 _aЦентральная торфяная опытная станция
_cМосква
_3RU\NLR\AUTH\8812793
_9298480
801 0 _aRU
_bNLR
_gpsbo
801 1 _aRU
_bELAR
_2rusmarc
852 _aNLR
_j40-10/2233
942 _cBOOK
980 _aNB